01007nam a2200301Ia 450000500170000000800410001702000180005810000270007624500750010325000180017830000250019649000180022153400240023965000470026365000510031065000380036165000350039965000370043470000390047194200150051026400300052533600270055533700330058233800280061504000350064308400120067899900150069020220317001545.0161108s2015 ck g 000 0 s  a97884939242011 aRossi, Veronicad1973-10aBajo el cielo eternocVeronica Rossi ; traducción de Juanjo Estrella a1a. edición a398 páginasc22 cm aSin límites tUnder the never sky142LEMBaNovela juvenil brasileñaySiglo XX142LEMBaLiteratura juvenil brasileñaySiglo XX142LEMBaFantasía en la literatura142LEMBaAmistad en la literatura142LEMBaAventuras en la literatura1 aEstrella, Juanjoetraductor975734 2loccBKLIT aBogotábB de Blokc2015 atextobtxt2rdacontent asin mediaciónbn2rdamedia avolumenbnc2rdacarrier aCO-BoRNBPbspaerdacCO-BoRNBP aN ROS14 c7363d7363